Az év végi hajrá és a jövő beruházásai a Beruházási Bank Csongrád megyei vezetőjének nyilatkozata
Elmentve itt :
| Dokumentumtípus: | Cikk |
|---|---|
| Megjelent: |
1963-10-04
|
| Sorozat: | Délmagyarország
53 No. 232 |
| Kulcsszavak: | Városfejlesztés építkezés Szeged 1963, beruházás |
| Online Access: | http://dmarchiv.bibl.u-szeged.hu/64676 |
| LEADER | 00525nab a2200145 i 4500 | ||
|---|---|---|---|
| 001 | delm64676 | ||
| 005 | 20180927151339.0 | ||
| 008 | 180927s1963 hu o 0|| hun d | ||
| 040 | |a SZTE Délmagyarország Archívum |b hun | ||
| 041 | |a hun | ||
| 245 | 0 | 3 | |a Az év végi hajrá és a jövő beruházásai |h [elektronikus dokumentum] : |b a Beruházási Bank Csongrád megyei vezetőjének nyilatkozata |
| 260 | |c 1963-10-04 | ||
| 300 | |a 3 | ||
| 490 | 0 | |a Délmagyarország |v 53 No. 232 | |
| 695 | |a Városfejlesztés építkezés Szeged 1963, beruházás | ||